| 000 -CABECERA |
| fixed length control field |
01155nam a22002057a 4500 |
| 003 - IDENTIFICADOR DEL NÚMERO DE CONTROL |
| control field |
AR-CdUCM |
| 008 - DATOS DE LONGITUD FIJA--INFORMACIÓN GENERAL |
| fixed length control field |
190318b ||||| |||| 00| 0 spa d |
| 040 ## - FUENTE DE LA CATALOGACIÓN |
| Agencia/entidad que catalogó originalmente la obra |
MUNICIPALIDAD PROVINCIAL DEL CUSCO |
| Entidad que transcribió la catalogación |
BIBLIOTECA MUNICIPAL DEL CUSCO |
| 082 ## - NÚMERO DE LA CLASIFICACIÓN DECIMAL DEWEY |
| No. de Clasificación |
944.04 / |
| Notacion interna |
T43 |
| 100 ## - ENTRADA PRINCIPAL--NOMBRE DE PERSONA |
| Nombre Personal |
Thiers M. A. |
| 245 ## - MENCIÓN DE TÍTULO |
| Título |
Historia de la revolución francesa / |
| 260 ## - PUBLICACIÓN, DISTRIBUCIÓN, ETC. |
| Lugar de publicación, distribución, etc. |
México : |
| Nombre de la editorial, distribuidor, etc. |
Edit. Nacional Edinal, |
| Fecha de publicación, distribución, etc. |
1960. |
| 300 ## - DESCRIPCIÓN FÍSICA |
| Nº de Páginas Extensión |
12 tomos ; |
| Dimensiones |
17 cm. |
| 505 ## - NOTA DE CONTENIDO CON FORMATO |
| Nota de contenido formateada |
Contenido :t.1:Poderes otorgados a las municipalidades --t.2:Posición del Duque de Orleans --t.3:Asamblea constituyente --t.4:Asamblea cnstituyente --t.5:Sumision voluntaria de algunos diputados al decreto de junio --t.6:Persecuciones contra los sospechosos --t.7:Exito en Flandes --t.8:Holanda y España ofrecen la paz --t.9:Barras Nombrado General del ejercito del Interior --t.10:Constancia de Jourdan en Wurtzburgo --t.11:Ofertas hechas por lord Malmesbury en nombre de Inglaterra --t.12:Rapida reiterada de Scherer después de la batalla de Magnano / |
| 650 ## - PUNTO DE ACCESO ADICIONAL DE MATERIA--TÉRMINO DE MATERIA |
| Descriptor |
Revolución francesa |
| 9 (RLIN) |
1606 |
| 700 ## - PUNTO DE ACCESO ADICIONAL--NOMBRE DE PERSONA |
| Nombre Personal |
Luis Guzman (traductor) |
| 9 (RLIN) |
18638 |
| 942 ## - ELEMENTOS DE PUNTO DE ACCESO ADICIONAL (KOHA) |
| Fuente de clasificación |
|
| Tipo de item |
Libros-BMC |
| 945 ## - PROCESAMIENTO DE INFORMACIÓN LOCAL (OCLC) |
| Catalogador |
rjall |